00807nam a2200241 a 450000100100000000500170001000800410002702000150006804000250008308200210010810000410012924500540017026000550022430000210027949000190030065000240031965000380034383000260038191000070040704900090041495201250042399900170054800001274920200929163052.0091116s2001 pr 000 f spa d a1563281929 aDO-SdBNPbspacBNPHU aCu863.44bP438cr1 aPérez Sarduy, pedro,d1943-92522214aLas criadas de la habana /cPedro Pérez Sarduy. aSan Juan, (Puerto Rico) :bPlaza de León,c2001. a294 p. ;c24 cm.1 aCultura Cubana 4aNovela cubana92316 4aLiteratura cubanaySIGLO XX99186 0aCultura Cubana929535 aWM aBNGR 001052708MOaGRbGRcHDd2009-11-16iLF1l0oCu863.44 P438crp12749-10r2020-06-25w2020-06-25y2ZPréstamo interno c12400d12400